000 00723 a2200217 4500
001 22654
005 20260407155517.0
008 260407a1991 arg spa d
003 AR-UNSa-BCEJYS
040 _aAR-UNSa-BCEJYS
_bspa
_cAR-UNSa-BCEJYS
080 _a343.359
_xDelitos contra el fisco y otras autoridades administrativas (Derecho Penal Tributario, Delitos fiscales)
245 1 0 _aRégimen penal tributario
_pLey 23.771
020 _a950-508-348-3
264 1 _aBuenos Aires :
_bAstrea
_c1991
300 _a116 p.
_c20 cm.
505 _aLey 23.771. Régimen Penal Tributario
942 _cBK
590 _aniveau_biblio:m niveau_hierar:0
100 1 _aArgentina [Leyes, etc.]
700 1 _aEdwards, Carlos Enrique
999 _c1041
_d1041